| 000 | 00879cam a22002054a 4500 | ||
|---|---|---|---|
| 005 | 20250605164029.0 | ||
| 008 | 250528s ||||||||||||||||||||||||d | ||
| 035 | _a16544 | ||
| 020 | _a9604052063 | ||
| 040 |
_aGR-AtMCL _bgre _dGR-AtMCL _eAACR2 |
||
| 245 | 1 | _aΗλεκτρονικά Όργανα και Μετρήσεις / 3η Έκδοση | |
| 250 | _a3η | ||
| 260 |
_bΊων, _c1989 |
||
| 300 | _a190 | ||
| 520 | _aΣφάλματα Μετρήσεων, Όργανα και Μετρήσεις DC, Όργανα και Μετρήσεις AC, Μετρήσεις Ισχύος, Μετρήσεις με Παλμογράφο, Ηλεκτρονικά Βολτόμετρα, Ψηφιακά Όργανα, Γέφυρες, Κώδικας Αντιστάσεων και Πυκνωτών. | ||
| 700 | 1 |
_aΠακτίτη Σ _92643 |
|
| 942 | _cBK | ||
| 999 |
_c2036 _d2036 |
||